| 000 | 00353nam a22001457a 4500 | ||
|---|---|---|---|
| 003 | macl | ||
| 005 | 20181118165628.0 | ||
| 008 | 181118b xxu||||| |||| 00| 0 eng d | ||
| 040 | _cmacl | ||
| 100 |
_aSahni, janmenjay _973256 |
||
| 245 | _a India History | ||
| 260 |
_aDelhi _b MagBook Arihnat . _c2018 |
||
| 650 |
_aHistory _973257 |
||
| 942 |
_2ddc _cBK |
||
| 999 |
_c58607 _d58607 |
||